The Prime-Time Animated TV Dads Multiple Choice Quiz - Statistics

General Stats
  • This quiz has been taken 78 times
  • The average score is 10 of 20
Answer Stats
Question Answer % Correct
Which dad tried to teach his son the dangers of his daredevil lifestyle by setting up a fake jump attempt at the town gorge, only to accidentally roll down the ramp, miss the jump, and plummet into the gorge?
81%
Which dad said, "I have three kids and no money. Why can't I have no kids and three money?"
71%
Which dad and his daughter enjoy watching an old, serialized Japanese movie franchise about a different father and daughter who travel around ancient Japan fighting monsters?
69%
Which dad went on a road trip with his son to buy a gull-wing door for a Delorean that the dad has been privately rebuilding?
64%
Which dad said, “Alright, listen, you’re my children and I love you, but you’re all terrible at what you do here and I feel like I should tell you: I’d fire all of you if I could.”?
61%
Which dad, upon feeling bad that his negligence caused his daughter to miss the last day of an Egyptian exhibit at the museum, sneaks the two of them into said museum after closing?
57%
Which dad tries to help his daughter in her role as a reporter for the school paper by replacing her article with one of his own that turned out to be a false outing of actor Luke Perry?
53%
Which dad's attempt to teach his daughter to drive results in her crashing and knocking out television reception for the entire town?
51%
Upon discovering that his wife has Jewish heritage, which dad tries to convert his son to Judaism under the ludicrous belief that merely the act of conversion will make the son smarter?
51%
Which dad continually encouraged extreme competitiveness between his son and daughter when they were playing for rival ice hockey teams?
49%
Which dad tries to teach his son a lesson about responsibility by making him work off a debt for incurred damages to a business that, unbeknownst to the dad, happens to be a burlesque house?
47%
Which dad said to his wife, "Oh God, I hope you're not pregnant. We can't afford another kid. We already got [name of one of their children], [name of another of their children], Richie, Joanie, Greg, Marsha, Bobby, Jan, Mike Seaver, Carol Seaver, Boner, Urkel, Mr. Furley..."?
46%
Which dad, in an attempt to toughen up his son, decided to become his son's bully, only stopping when his son hired the dad's own former bully to fight on his behalf?
43%
Which dad had to organize a clandestine search party at a water park after his son lost a ring the dad was planning to gift to his wife?
41%
Which dad and his family decide to take a vacation to the Grand Canyon only to forget their youngest child at home?
41%
Which dad, while waiting for an interview for a magazine, found himself glued to a toilet due to a prank by his daughter that was actually meant for his son?
40%
Which dad grows paranoid that his children are plotting against him (but are actually secretly working together to make sure he succeeds) as they climb a mountain together?
39%
Which dad is introduced by his daughter to the alternative band My Morning Jacket, which at first creates a bonding moment between them, until the dad becomes overly obsessed with the band?
39%
Which dad brought his son with him to return a broken RC helicopter to a private seller for a refund in an effort to show his son how to stand up for himself, only for the dad to get sucked into escalating RC helicopter battles with the unpleasant seller?
36%
Which dad said to his daughter, "Lies. It's like you have to lie to live. You're a lie-abetic. You have lie-abetes. Twice a day, you have to take a shot of insu-lyin'."?
30%
No matching quizzes found
Score Distribution
Percent of People with Each Score
Percentile by Number Answered
Your Score History
You have not taken this quiz